Código de Mineria 1930
I tiakina i:
| Hōputu: | Pukapuka |
|---|---|
| Reo: | Pāniora |
| I whakaputaina: |
Santiago
Imprenta Nacional
1930
|
| Ngā marau: | |
| Ngā Tūtohu: |
Tāpirihia he Tūtohu
Kāore He Tūtohu, Me noho koe te mea tuatahi ki te tūtohu i tēnei pūkete!
|
MARC
| LEADER | 00000nam a2200000 a 4500 | ||
|---|---|---|---|
| 001 | UCY2979 | ||
| 003 | CL-VaPUC | ||
| 008 | 941205e19300000CL |||||||||||||||||spa|d | ||
| 082 | 0 | 4 | |a 343.077 |b COD |2 21 |
| 245 | 1 | 0 | |a Código de Mineria 1930 |
| 246 | 1 | 0 | |a Ley 4796, 1930 |
| 300 | |a 52 p | ||
| 942 | |c BK | ||
| 945 | |d 19941205 00:00:00 |a aalvarez | ||
| 260 | |a Santiago |b Imprenta Nacional |c 1930 | ||
| 500 | |a Ley 4.796 publicada en el Diario Oficial, el 25 de Enero de 1930 | ||
| 650 | 0 | |a Derecho minero |9 257109 | |
| 651 | 7 | |a CHILE |2 CL-VaPUC |9 331159 | |
| 583 | |a last modification |c 19941205 00:00:00 |k Rodrigo Vera | ||
| 999 | |c 231235 |d 231233 | ||
| 952 | |0 0 |1 0 |4 0 |6 343_077000000000000_COD_1930 |7 0 |8 X |9 234238 |a BIBDER |b BIBDER |d 2019-11-15 |i 3039765 |o 343.077 COD 1930 |p 3039765 |r 2023-01-25 |w 2019-11-15 |y BK_X |k DER | ||